000 01801nam a2200361 i 4500
001 169843
003 ES-MaACL
005 20250927110310.0
008 081204s1823 fr |||| | fre d
080 _a821.133.1-293
245 0 0 _aSuite du répertoire du théâtre français, avec un choix des pièces de plusieurs autres théâtres.
_pVaudevilles.
_nV /
_carrangées et mises en ordre par M. Lepeintre.
260 _aParis :
_bMme Veuve Dabo,
_c1823 (
_fSenlis)
300 _a365 p. ;
_c14 cm.
490 1 _aSuite du répertoire du théatre français ;
_v79
500 _aÍndice.
500 _aEnc. con: Suite du répertoire du théâtre français ; 80.
505 8 _aContiene: ;
_tM. Vautour /
_rpar MM. Désaugiers, Tournay et G. Duval. --
_tLes deux pères /
_rpar M. Dupaty. --
_tComment faire? /
_rpar MM. de Jouy et de Longchamps. --
_tLes chevilles de maitre Adam /
_rpar MM. Moreau et Francis. --
_tLa somnambule /
_rpar MM. Eugène Scribe et G. Delavigne.
597 _a2 tomos en 1 v.
700 1 _aDésaugiers, Marc-Antoine (
_d1772-1827)
_9139020
700 1 _aTournay, Mathieu-Jean-Baptiste Nioche de.
_9139021
700 1 _aDuval, Georges (
_d1772-1853)
_946374
700 1 _aDupaty, Emmanuel.
_9139000
700 1 _aLongchamps, Charles de.
_9139022
700 1 _aMoreau de Commagny, Charles-François-Jean-Baptiste.
_9139023
700 0 _aScribe, Eugène.
_9104966
700 1 _aDelavigne, Germain.
_9139024
700 1 _aJouy, Etiénne de.
_9137942
700 1 _aFrancis (
_d1778-1840?)
_9188902
700 1 _aLepeintre-Desroches, Pierre-Marie-Michel,
_d1785-1847
_9138972
830 0 _aSuite du répertoire du théatre français ;
_v79
_9188890
852 4 _aES-MaACL
_jE-12318(1)
_9R.190455
_z- Biblioteca Jacinto Martínez Lacalle
999 _c169843
_d169843